<?xml version="1.0" encoding="UTF-8"?><marc:collection xmlns:marc="http://www.loc.gov/MARC21/slim">
  <marc:record>
    <marc:leader>00000nam  2200000za 4500</marc:leader>
    <marc:controlfield tag="001">9.610350</marc:controlfield>
    <marc:controlfield tag="003">CaOODSP</marc:controlfield>
    <marc:controlfield tag="005">20201022144333</marc:controlfield>
    <marc:controlfield tag="007">ta</marc:controlfield>
    <marc:controlfield tag="008">150406s1991||||xxc|||||     f|0| 0 eng d</marc:controlfield>
    <marc:datafield tag="020" ind1=" " ind2=" ">
      <marc:subfield code="a">1-55002-105-2</marc:subfield>
    </marc:datafield>
    <marc:datafield tag="022" ind1=" " ind2=" ">
      <marc:subfield code="a">1188-2743</marc:subfield>
    </marc:datafield>
    <marc:datafield tag="040" ind1=" " ind2=" ">
      <marc:subfield code="a">CaOODSP</marc:subfield>
      <marc:subfield code="b">eng</marc:subfield>
    </marc:datafield>
    <marc:datafield tag="043" ind1=" " ind2=" ">
      <marc:subfield code="a">n-cn---</marc:subfield>
    </marc:datafield>
    <marc:datafield tag="086" ind1="1" ind2=" ">
      <marc:subfield code="a">Z1-1989/2-41-9E</marc:subfield>
    </marc:datafield>
    <marc:datafield tag="110" ind1="1" ind2=" ">
      <marc:subfield code="a">Canada.</marc:subfield>
      <marc:subfield code="b">Royal Commissions. </marc:subfield>
      <marc:subfield code="b">Royal Commission on Electoral Reform and Party Financing.</marc:subfield>
    </marc:datafield>
    <marc:datafield tag="245" ind1="1" ind2="0">
      <marc:subfield code="a">Aboriginal peoples and electoral reform in Canada / </marc:subfield>
      <marc:subfield code="c">Edited by Robert A. Milen. </marc:subfield>
    </marc:datafield>
    <marc:datafield tag="260" ind1=" " ind2=" ">
      <marc:subfield code="a">Toronto and Montreal - Ontario : </marc:subfield>
      <marc:subfield code="b">Royal Commissions. </marc:subfield>
      <marc:subfield code="c">©1991.</marc:subfield>
    </marc:datafield>
    <marc:datafield tag="300" ind1=" " ind2=" ">
      <marc:subfield code="a">196p. : </marc:subfield>
      <marc:subfield code="b">figs., references, tables ; </marc:subfield>
      <marc:subfield code="c">23 cm.</marc:subfield>
    </marc:datafield>
    <marc:datafield tag="490" ind1="1" ind2=" ">
      <marc:subfield code="a">Research studies</marc:subfield>
      <marc:subfield code="x">1188-2743</marc:subfield>
      <marc:subfield code="v">9</marc:subfield>
    </marc:datafield>
    <marc:datafield tag="500" ind1=" " ind2=" ">
      <marc:subfield code="a">Contents: Aboriginal constitutional and electoral reform.--Aboriginal electoral districts for Canada: lessons from New Zealand.--Aboriginal peoples and campaign coverage in the North.--Electoral reform and Canada's aboriginal population: an assessment of aboriginal electoral districts.</marc:subfield>
    </marc:datafield>
    <marc:datafield tag="520" ind1="3" ind2=" ">
      <marc:subfield code="a">Study No. 9. The issue dealt with by the four studies contained in this volume is that of collective electoral equality. As a result of geographical dispersion, the Aboriginal "community of interest" is not adequately represented in the House of Commons. The researchers cover major issues regarding the involvement of Aboriginal peoples in the political system, and each study examines methods by which the objective of equality within this system can best be met.</marc:subfield>
    </marc:datafield>
    <marc:datafield tag="563" ind1=" " ind2=" ">
      <marc:subfield code="a">Softcover</marc:subfield>
    </marc:datafield>
    <marc:datafield tag="590" ind1=" " ind2=" ">
      <marc:subfield code="a">93-13</marc:subfield>
      <marc:subfield code="b">1993-04-02</marc:subfield>
    </marc:datafield>
    <marc:datafield tag="690" ind1="0" ind2="7">
      <marc:subfield code="a">Indigenous peoples</marc:subfield>
      <marc:subfield code="2">gcpds</marc:subfield>
    </marc:datafield>
    <marc:datafield tag="690" ind1="0" ind2="7">
      <marc:subfield code="a">Electoral system</marc:subfield>
      <marc:subfield code="2">gcpds</marc:subfield>
    </marc:datafield>
    <marc:datafield tag="690" ind1="0" ind2="7">
      <marc:subfield code="a">Elections</marc:subfield>
      <marc:subfield code="2">gcpds</marc:subfield>
    </marc:datafield>
    <marc:datafield tag="720" ind1="1" ind2=" ">
      <marc:subfield code="a">Milen, Robert A.</marc:subfield>
    </marc:datafield>
    <marc:datafield tag="776" ind1="0" ind2="#">
      <marc:subfield code="t">Aboriginal peoples and electoral reform in Canada / </marc:subfield>
      <marc:subfield code="w">(CaOODSP)9.892742</marc:subfield>
    </marc:datafield>
    <marc:datafield tag="830" ind1="#" ind2="0">
      <marc:subfield code="a">Research studies,</marc:subfield>
      <marc:subfield code="x">1188-2743</marc:subfield>
      <marc:subfield code="v">9</marc:subfield>
      <marc:subfield code="w">(CaOODSP)9.514938</marc:subfield>
    </marc:datafield>
  </marc:record>
</marc:collection>
